Tilastot visalle Suomalaiset mepit

Klikkaa tästä pelataksesi tätä visaa!

Yleistilastot

  • Tätä visaa on pelattu 29 kertaa
  • Keskiarvotulos 17 / 70

Vastaustilastot

PuolueVuodetNimi% Oikein
Perussuomalaiset2019-Teuvo Hakkarainen
100%
Vihreät1995-2003, 2009-2011, 2014-Heidi Hautala
89%
Perussuomalaiset2019-2023Laura Huhtasaari
89%
Kokoomus2004-2008, 2014Alexander Stubb
78%
Keskusta2018-Elsi Katainen
78%
Perussuomalaiset2014-2019Jussi Halla-aho
78%
RKP2011-Nils Torvalds
78%
Keskusta2019-Mauri Pekkarinen
67%
SDP2019-Eero Heinäluoma
56%
RKP1995-1996Elisabeth Rehn
56%
Keskusta1995-1996, 2014-2015Olli Rehn
56%
KD2009-2014Sari Essayah
56%
Perussuomalaiset2009-2011Timo Soini
56%
Vasemmistoliitto2014-2019Merja Kyllönen
44%
Kokoomus2012-2014, 2014-Petri Sarvamaa
44%
Vasemmistoliitto2019-Silvia Modig
44%
Vihreät2019-Ville Niinistö
44%
Vihreät2020-Alviina Alametsä
33%
Keskusta2009-2019Anneli Jäätteenmäki
33%
Kokoomus1999-2009Ari Vatanen
33%
Kokoomus2014-Henna Virkkunen
33%
SDP2014-Miapetra Kumpula-Natri
33%
Keskusta1995-2007, 2014-2018Paavo Väyrynen
33%
Perussuomalaiset2015-2019, 2023-Pirkko Ruohonen-Lerner
33%
Kokoomus2008-Sirpa Pietikäinen
33%
RKP2009-2011Carl Haglund
22%
Keskusta2004-2014, 2015-2018Hannu Takkula
22%
Keskusta1996-2009Kyösti Virrankoski
22%
SDP2009-2014Mitro Repo
22%
Vihreät2004-2014Satu Hassi
22%
Vihreät2003-2004Uma Aaltonen
22%
Kokoomus2004-2012Ville Itälä
22%
RKP1996-2004Astrid Thors
11%
KD, Kokoomus1999-2014Eija-Riitta Korhola
11%
Vasemmistoliitto1996-2009Esko Seppänen
11%
Kokoomus2009Eva-Riitta Siitonen
11%
RKP2004-2009Henrik Lax
11%
Kokoomus1999-2004Ilkka Suominen
11%
SDP2004-2009Lasse Lehtinen
11%
SDP2009-2019Liisa Jaakonsaari
11%
Vihreät1999-2004Matti Wuori
11%
Keskusta2018-2019Mirja Vehkaperä
11%
SDP1996-1999Pertti Paasio
11%
Kokoomus1996-1999Raimo Ilaskivi
11%
Keskusta2009-2014Riikka Pakarinen
11%
SDP1995-2009Riitta Myller
11%
Perussuomalaiset2011-2015Sampo Terho
11%
Keskusta1996-1999Sirkka-Liisa Anttila
11%
Vihreät2011-2014Tarja Cronberg
11%
SDP1995-1996, 1999-2004Ulpu Iivari
11%
Vasemmistoliitto1999Inna Ilivitzky
0%
SDP1996-1999Jörn Donner
0%
Kokoomus1996-1999Jyrki Otila
0%
Kokoomus1996-1999Kirsi Piha
0%
Kokoomus1995-1996Kyösti Toivonen
0%
Vasemmistoliitto1995-1996Marjatta Stenius-Kaukonen
0%
Kokoomus1996-2004Marjo Matikainen-Kallström
0%
Keskusta1999-2004Mikko Pesälä
0%
SDP1995-1996Mikko Rönnholm
0%
Keskusta1995-1999Mirja Ryynänen
0%
Vasemmistoliitto1996-1999Outi Ojala
0%
Kokoomus1999-2009Piia-Noora Kauppi
0%
Kokoomus1995-1996Pirjo Rusanen
0%
SDP1996-2009Reino Paasilinna
0%
Kokoomus1995-1996Riitta Jouppila
0%
Kokoomus1995-1996, 1999Ritva Laurila
0%
SDP1995-1996Saara-Maria Paakkinen
0%
Keskusta1999-2004, 2007-2009Samuli Pohjamo
0%
Keskusta1995-1996Seppo Pelttari
0%
Keskusta1995-1996Timo Järvilahti
0%

Tulosjakauma

Persentiili vastausten määrän mukaan

Jokaisen tuloksen saaneiden osuus

Tuloshistoriasi

Et ole pelannut tätä visaa